| 000 | 00561nam a2200169 i 4500 | ||
|---|---|---|---|
| 001 | 142094 | ||
| 003 | ES-MaACL | ||
| 007 | t| | ||
| 008 | 071002s1974 sp ||||1| spa d | ||
| 100 | 1 |
_aWalsh, Vivian Charles. _9115994 |
|
| 245 | 1 | 0 |
_aIntroducción a la microeconomía contemporánea / _cVivian Charles Walsh ; traducción Eugenia Salvador Mencerré. |
| 250 | _a1ª ed. | ||
| 260 |
_a[Barcelona] : _bVicens-Vives, _c[1974] |
||
| 300 |
_aXXIII, 358 p. ; _c22 cm. |
||
| 700 | 1 |
_aSalvador Mencerrer, Eugenia. _9102096 |
|
| 852 |
_aES-MaACL _jL-6303 _bR.107090 |
||
| 999 |
_c142094 _d142094 |
||